Southville International School and Colleges
Your cart is empty.
  • Cart
  • Lists
    Public lists list_1 View all
    Your lists Log in to create your own lists
  • Log in to your account
  • Your cookies
  • Search history
Southville International School and Colleges
  • Advanced search
  • Recent comments
  • Most popular
  • Libraries

Log in to your account

Log in with GOOGLE


If you do not have an external account, but do have a local account, you can still log in:

  1. Home
  2. MARC view: Mathematics around us :
Normal view MARC view ISBD view

Mathematics around us : (Record no. 103390)

[ view plain ]
MARC details
000 -LEADER
fixed length control field 00587nam a2200181 a 4500
005 - DATE AND TIME OF LATEST TRANSACTION
control field 20140412111301.0
008 - FIXED-LENGTH DATA ELEMENTS--GENERAL INFORMATION
fixed length control field 030414s19uu xx 00 eng d
020 ## - INTERNATIONAL STANDARD BOOK NUMBER
International Standard Book Number 0-673-11757-X
050 ## - LIBRARY OF CONGRESS CALL NUMBER
Classification number TR(GS 512.2
Item number C539 1975
100 ## - MAIN ENTRY--PERSONAL NAME
Personal name Chinn, William G.
245 ## - TITLE STATEMENT
Title Mathematics around us :
Remainder of title practice and activities workbook /
Statement of responsibility, etc William G. Chinn.
250 ## - EDITION STATEMENT
Edition statement Teacher's Edition with Aids
260 ## - PUBLICATION, DISTRIBUTION, ETC. (IMPRINT)
Place of publication, distribution, etc Glenview, Illinois :
Name of publisher, distributor, etc Scott, Foresman and Company,
Date of publication, distribution, etc 1975.
300 ## - PHYSICAL DESCRIPTION
Extent 128 p. ; ill.
650 ## - SUBJECT ADDED ENTRY--TOPICAL TERM
Topical term or geographic name as entry element Mathematics--Juvenile literature
650 ## - SUBJECT ADDED ENTRY--TOPICAL TERM
Topical term or geographic name as entry element Math--Workbook
Holdings
Withdrawn status Lost status Damaged status Home library Current library Shelving location Date acquired Source of acquisition Total Checkouts Full call number Barcode Date last seen Price effective from Koha item type
      Elizalde Library Elizalde Library Teachers Reference Section 04/14/2003     TR(GS 512.2 C539 1975 E4662 04/12/2014 04/12/2014 Books

Mathematics around us :

APA

Chinn W. G., . (1975). Mathematics around us. Glenview, Illinois: Scott, Foresman and Company.

Chicago

Chinn William G, . 1975. Mathematics around us. Glenview, Illinois: Scott, Foresman and Company.

Harvard

Chinn W. G., . (1975). Mathematics around us. Glenview, Illinois: Scott, Foresman and Company.

MLA

Chinn William G, . Mathematics around us. Glenview, Illinois: Scott, Foresman and Company. 1975.

  • Place hold
  • Print
  • Cite
  • Add to your cart (remove)
  • Save record
    BIBTEX Dublin Core MARCXML MARC (non-Unicode/MARC-8) MARC (Unicode/UTF-8) MARC (Unicode/UTF-8, Standard) MODS (XML) RIS
  • More searches
    Search for this title in:
    Other Libraries (WorldCat) Other Databases (Google Scholar) Online Stores (Bookfinder.com) Open Library (openlibrary.org)

Exporting to Dublin Core...

SOUTHVILLE LIBRARY

Southville International School and Colleges Library

1281 Tropical Ave. Cor. Luxembourg St., BF Homes International, Las Pinas City

Tel. No. 8256374 / 252358 Loc. 117/146

Powered by Koha